000 01280nam a2200253Ia 4500
999 _c40859
_d40859
001 7501
003 GE_BSU
005 20200110160028.0
008 181216s2013||||ge |||||||||||||| ||geo||
020 _a9789941434396
040 _cGE_BSU
041 _ageo
080 _a634.332 ე-13
100 _aებრალიძე, ლეილა
_96075
245 _aმანდარინ "უნშიუს" ამორტიზებული პლანტაციის განახლება აჭარის პირობებში :
_b[მონოგრაფია] /
_cლეილა ებრალიძე ; რედ.: გივი ჯინჭარაძე, ვალერიან ცანავა.
264 _aბათუმი :
_bშოთა რუსთაველის სახ. უნ–ტი,
_c2013.
300 _a112 გვ.;
_b20 სმ.
504 _a ბიბლიოგრ.: გვ. 108-112.
520 _aრეზ. ინგლ.
653 _aმანდარინის აგროტექნიკა
700 _aჯინჭარაძე, გივი
_eრედაქტორი
_96076
700 _aცანავა, ვალერიან
_eრედაქტორი
_923
942 _cBK
_2udc